000 00741cam a22002653a 4500
001 30837
003 PGUSA
005 20140828083651.0
008 100102s2010||||xxu|||||s|||||000 1 eng d
040 _aPGUSA
_beng
042 _adc
050 4 _aPZ
100 1 _aBaldwin, May
245 1 2 _aA City Schoolgirl and Her Friends
_h[electronic resource] /
_cMay Baldwin
260 _bProject Gutenberg,
_c2010
506 _aPublic domain in the USA.
516 _aElectronic text
653 _aGreat Britain -- Juvenile fiction
653 _aLove stories
653 _aSisters -- Juvenile fiction
700 1 _aOvernell, T. J.
830 0 _aProject Gutenberg
_v30837
856 4 0 _uhttp://www.gutenberg.org/ebooks/30837
942 _cEB
999 _c260092
_d260092